000 00961nam a2200253Ia 4500
003 OSt
005 20220916110911.0
006 a|||||r|||| 00| 0
007 ta
008 220915b |||||||| |||| 00| 0 hin d
024 _a268926
037 _cTextbook
040 _bhin
_aARTS
_cARTS
041 _ahin
082 _aO15:gxD91,1, 152l7;M2:2(EPS)
100 _aराय, गंगासागर, व्याख्
245 0 _aकाव्यमीमांसा: श्री राज शेखर विरचित
246 _aKāvyamīmāansā: shrī rāj shekhar virachita
260 _aवाराणसी
_bचौखम्बा विधाभवन भारत
_c1977
300 _a276पण्
_ccm.
650 _aहिन्दी साहित्य
942 _hO15:gxD91,1, 152l7;M2:2(EPS)
_cTB
_2CC
999 _c100813
_d100813